000 00449cam a22001217a 4500
008 180718b-- xxu||||| |||| 00| 0 eng d
082 _aL906x54131 E
245 _aEpitome of CAG's reports on the government of Jharkhand
_cby Accountant General (Audit), Jharkhand
260 _aRanchi
_bAccountant General (Audit)
_c--
500 _aLibrary has 2001/02, 2004/05
650 _aAuditing - India - Jharkhand
700 _aJharkhand. Accountant General (Audit)
999 _c486314
_d486314